000 00409cam a2200181ua 4500
020 _c4.50
041 _ahin
_h
082 _a891.54
_bPRA/SE
100 _aPravarsen, .
245 _aSetubandh /
_cPravarsen.
_hTextual Documents
250 _a1 /
_b.
260 _aDelhi :
_bRajkamal Prakash ,
_c1962.
300 _a269 ; .
365 _a4.50
504 _a
942 _cBK
999 _c6409
_d6409